Turkey vs. China - Statistics

General Stats
  • This quiz has been taken 76 times
  • The average score is 10 of 15
Answer Stats
Question Answer % Correct
More CO2 Tons Per Capita China
100%
Larger Population China
100%
Higher Unemployment Rate Turkey
100%
Smaller Land Area Turkey
100%
Higher Suicide Rate China
80%
More Exports China
80%
Higher Tax Rate Turkey
80%
Higher Population In Poverty Turkey
80%
Higher Rating On The Corruption Index China
60%
More Debt China
60%
Higher Birth Rate Turkey
60%
Higher HDI Turkey
40%
Higher Life Expectancy Turkey
40%
Higher Debt Per Capita China
20%
More Vehicles Per 1,000 People Turkey
20%
No matching quizzes found
Score Distribution
Percent of People with Each Score
Percentile by Number Answered
Your Score History
You have not taken this quiz